000 00459nam a2200193Ia 4500
005 20240823034036.0
008 240823s9999||||xx |||||||||||||| ||und||
020 _a978-81-264-3435-0
041 _aMALAYALAM
082 _A894.8123 Q2
100 _aGopalakrishnan A V
245 0 _aChundikkante Mahendrajalangal
250 _a1st
260 _c2012
_b"D C Books,Kot"
500 _aDISPLAY
650 _aNovel
_bEnglish
942 _cBK
999 _c197274
_d197274